Zhodnotenie právnej úpravy účtovníctva v Slovenskej republike bakalárska práca

Na minha lista:
Detalhes bibliográficos
Autor principal: Olšovský, Roman
Autor Corporativo: Fakulta hospodárskej informatiky EU. Katedra účtovníctva a audítorstva
Outros Autores: Surový, Vladimír
Formato: Livro
Idioma:eslovaco
Publicado em: Bratislava 2014
Tags: Adicionar Tag
Sem tags, seja o primeiro a adicionar uma tag!

MARC

LEADER 00000nbm a2200000 4500
001 0189699
005 20170201103749.3
041 0 |a slo 
044 |a SK 
245 1 0 |a Zhodnotenie právnej úpravy účtovníctva v Slovenskej republike  |b bakalárska práca  |c Roman Olšovský ; školiteľ: Vladimír Surový 
264 1 |a Bratislava  |c 2014 
300 |a 39 s. 
100 1 |a Olšovský, Roman 
700 1 |a Surový, Vladimír 
710 2 |a Fakulta hospodárskej informatiky EU. Katedra účtovníctva a audítorstva